Longest Eurovision Top 10 Streaks - Statistics

General Stats
  • This quiz has been taken 26 times
  • The average score is 25 of 47
Answer Stats
Years # Last Top 10 Streak Entry Country % Correct
1956-1965 10 N'avoue jamais France
84%
1956-1965 10 Se piangi, se ridi Italy
84%
1957-1977 20 Rock Bottom United Kingdom
84%
1966-1973 8 Junger tag Germany
80%
1966-1975 10 Tú volverás Spain
76%
1957-19601963-1966 4 Du hast mich so fasziniertMerci, Chérie Austria
68%
1961-1967 7 L'amour est bleu Luxembourg
68%
2016-2017 2 Beautiful Mess Bulgaria
64%
20062016 2021 1 We Are the WinnersI've Been Waiting for This Night Discoteque Lithuania
64%
19951997 2001 1 Prisluhni miZbudi se Energy Slovenia
64%
1980-1986 7 E' de' det här du kallar kärlek Sweden
64%
2021-2026 6 Ridnym Ukraine
64%
1961-19621984-1985 2 Tipi-tiiEläköön elämä Finland
60%
1973-1981 9 Horoscopes Ireland
60%
1969-1972 4 Als het om de liefde gaat Netherlands
60%
19942003 2016 1 To nie ja!Keine Grenzen – Żadnych granic Color of Your Life Poland
60%
1956-19631975-1982 8 T'en va pasAmour on t'aime Switzerland
60%
20182023 1 Lie to MeMy Sister's Crown Czechia
56%
1957-1965 9 For din skyld Denmark
56%
2019-2021 2 10 Years Iceland
56%
1987-1990 4 Hajde da ludujemo Yugoslavia
56%
20042012 2025 1 The Image of YouSuus Zjerm Albania
52%
20002002 2005 2015 1 My StarI Wanna The War Is Not Over Love Injected Latvia
52%
2017-2018 2 My Lucky Day Moldova
52%
2019 1 Proud North Macedonia
52%
2004-2005 2 Zauvijek moja Serbia and Montenegro
52%
2007-2010 4 We Could Be the Same Türkiye
52%
2012-2016 5 You Are the Only One Russia
48%
2007-2008 2 Oro Serbia
48%
2006-2010 5 Apricot Stone Armenia
44%
2015-2017 3 Don't Come Easy Australia
44%
2007 1 Work Your Magic Belarus
44%
1966-1970 5 Viens l'oublier Belgium
44%
2008-2009 2 Bistra Voda Bosnia and Herzegovina
44%
1999-2002 4 Runaway Estonia
44%
2004-2011 8 Watch My Dance Greece
44%
2013-2014 2 Running Hungary
44%
2008-2013 6 Hold Me Azerbaijan
40%
2010-2011 2 One More Day Georgia
40%
1960-1965 6 Va dire à l'amour Monaco
40%
2002-20032005-2006 2 Don't Break My HeartTornerò Romania
40%
1995-1997 3 Mana Mou Cyprus
36%
1993-1996 4 I evighet Norway
36%
1998-2001 4 Strings of My Heart Croatia
32%
1991-1998 8 The One That I Love Malta
32%
1978-1985 6 Olé, Olé Israel
28%
1971-1973 3 Tourada Portugal
28%
No matching quizzes found
Score Distribution
Percent of People with Each Score
Percentile by Number Answered
Your Score History
You have not taken this quiz